000 01104nam0a22002651 4500
001 rc\4389445
005 20250612070752.0
021 _aRU
_b[61-35442]
035 _a(NLR Aleph) 008552784
090 _a8416855
_c8416855
100 _a20130416d1961 |||y0rusy50 ca
101 0 _arus
102 _aRU
105 _ay z |||||
200 1 _aТезисы научных докладов
_fМ-во здравоохранения СССР. Годичная науч. сессия. Всесоюз. ин-та эксперим. эндокринологии с 30 мая по 2 июня 1961 г.
210 _aМосква
_cМедгиз
_d1961
215 _a103 с.
_d20
606 _aЭндокринология экспериментальная
_jТезисы докладов
_2psbo
710 0 2 _aВсесоюзный институт экспериментальной эндокринологии
_bНаучная сессия
_f1961
_9683216
_3RU\NLR\AUTH\880511330
801 0 _aRU
_bNLR
_gpsbo
801 1 _aRU
_bELAR
_2rusmarc
852 _aNLR
_j61-3/2776
942 _cBOOK
980 _aNB